Zwierzęta quiz #5 - Co to za zwierzę? [poziom średni] - Statystyki

Ogólne statystyki
  • Ten quiz został rozwiązany 324 razy
  • Średni wynik to 24 z 32
Statystyki odpowiedzi
Obrazkowy Odpowiedź % Poprawnych
pingwin
97%
dzik
94%
foka
94%
tukan
94%
bóbr
93%
mewa
93%
nosorożec
92%
wiewiórka
92%
gepard
90%
alpaka
88%
pancernik
88%
pelikan
86%
bażant
84%
borsuk
84%
lemur
84%
surykatka
84%
jaszczurka
81%
bizon
80%
jeżozwierz
78%
nosacz sundajski
72%
kuna
70%
łasica
70%
pawian
70%
lampart
69%
kiwi
66%
jak
61%
gazela
54%
kajman
48%
koziorożec
36%
albatros
35%
dingo
33%
impala
16%
Nie znaleziono quizów pasujących do podanych kryteriów
Rozkład punktacji
Procent ludzi z każdym wynikiem
Percentyl według liczby udzielonych odpowiedzi
Twoja historia wyników
Nie rozwiązałeś tego quizu